Paradigma transformačního procesu. 1

Transformačný marketing, jeho základné paradigmy a ich úloha. Vývoj marketingu v Českej republike po r. 1989.

Uložené v:
Podrobná bibliografia
Hlavný autor: Glogar, Alois
Médium: Kapitola
Jazyk:Czech
Predmet:
Tagy: Pridať tag
Žiadne tagy, Buďte prvý, kto otaguje tento záznam!

MARC

LEADER 00000naa a2200000 4500
001 r025696
005 20230607100356.4
041 0 |a cze 
044 |a CZ 
245 1 0 |a Paradigma transformačního procesu. 1  |c Alois Glogar 
520 |a Transformačný marketing, jeho základné paradigmy a ich úloha. Vývoj marketingu v Českej republike po r. 1989. 
610 2 0 |a Česko 
610 2 0 |a 1989-1997 
610 2 0 |a marketing 
610 2 0 |a transformácia 
100 1 |a Glogar, Alois